Adivinhe os estados - Statistics

Estatísticas Gerais
  • Esse quiz foi jogado 73 vezes
  • A pontuação média é 26 de 27
Estatísticas das Respostas
Dica Resposta % Correto
Era de outro Pais mas agoraé Brasileiro Acre
99%
O estado tem muitas áreas de Pantanal Mato Grosso
99%
É famoso pelo seu Pão DeQueijo Minas Gerais
99%
Lá, abriga o "Estadio do Maracanã" Rio De Janeiro
99%
Estado mais no sul Rio Grande Do Sul
99%
Maior estado do Brasil Amazonas
97%
O primeiro chegado pelosPortugueses Bahia
97%
É o berço da musica sertanejodo Brasil Goias
97%
Tem uma cidade com aguaCristalina Mato Grosso Do Sul
97%
Maior produtor de Açai Para
97%
Começa com P, no nordeste Pernambuco
97%
É o mais rico do pais Sao Paulo
97%
Sua capital, Palmas, Foi planejadaem 1989 Tocantins
97%
Tem "forma" de avião Distrito Federal
96%
Sua capital fica em uma ilha Espirito Santo
96%
Sua capital é o nome de umacelebração em dezembro Rio Grande Do Norte
96%
Há muitos Bolivianos na Região Rondonia
96%
Tem uma das Praias mais famosas Santa Catarina
96%
Sua capital é João pessoa Paraiba
94%
Faz divisa com 2 paises Parana
94%
População de 650 Milhabitantes Roraima
93%
Menor estado do Brasil Sergipe
93%
Faz Divisa com a França Amapa
91%
É o menos rico do pais Maranhao
88%
Lá, é muito comum, O Forró Ceara
87%
Maior produtor de açúcar eetanol Alagoas
86%
Sua capital é a cidade maisquente do País Piaui
83%
Nenhum quiz correspondente encontrado
Distribuição das Pontuações
Porcentagem de Pessoas com Cada Pontuação
Percentil de Números Respondidos
Sua Pontuação Histórica
Você não jogou esse quiz